Design and performance of earth retaining structures : (Record no. 546467)
[ view plain ]
| 000 -LEADER | |
|---|---|
| fixed length control field | 01104cam a2200217 a 4500 |
| 020 ## - INTERNATIONAL STANDARD BOOK NUMBER | |
| International Standard Book Number | 0872627616 |
| 082 00 - DEWEY DECIMAL CLASSIFICATION NUMBER | |
| Classification number | 624.164 |
| Author Mark | LAM |
| -- | L-NUST 01, P-27 |
| 245 00 - TITLE STATEMENT | |
| Title | Design and performance of earth retaining structures : |
| Remainder of title | proceedings of a conference / |
| Statement of responsibility, etc. | sponsored by the Geotechnical Engineering Division of the American Society of Civil Engineers in cooperation with the Ithaca Section, ASCE, Cornell University, Ithaca, New York, June 18-21, 1990 ; edited by Philip C. Lambe and Lawrence A. Hansen. |
| 260 ## - PUBLICATION, DISTRIBUTION, ETC. | |
| Place of publication, distribution, etc. | New York, N.Y. : |
| Name of publisher, distributor, etc. | ASCE, |
| Date of publication, distribution, etc. | c1990. |
| 300 ## - PHYSICAL DESCRIPTION | |
| Extent | 904 p. : |
| Other physical details | ill. ; |
| Dimensions | 22 cm. |
| 500 ## - GENERAL NOTE | |
| General note | "1990 Speciality Conference on Design and Performance of Earth Retaining Structures"--Pref. |
| 526 ## - STUDY PROGRAM INFORMATION NOTE | |
| Program name | 0 |
| Interest level | 0 |
| Reading level | 0 |
| Title point value | 624_164000000000000_LAM |
| 650 #0 - SUBJECT ADDED ENTRY--TOPICAL TERM | |
| Topical term or geographic name entry element | Earth pressure |
| General subdivision | Congresses. |
| 9 (RLIN) | 42603 |
| 650 #0 - SUBJECT ADDED ENTRY--TOPICAL TERM | |
| Topical term or geographic name entry element | NUST |
| 9 (RLIN) | 6342 |
| 650 #0 - SUBJECT ADDED ENTRY--TOPICAL TERM | |
| Topical term or geographic name entry element | Retaining walls |
| General subdivision | Design and construction |
| -- | Congresses. |
| 9 (RLIN) | 42604 |
| 700 1# - ADDED ENTRY--PERSONAL NAME | |
| Personal name | Hansen, Lawrence A. |
| 9 (RLIN) | 42605 |
| 700 1# - ADDED ENTRY--PERSONAL NAME | |
| Personal name | Lambe, Philip C. |
| 9 (RLIN) | 42606 |
| 710 2# - ADDED ENTRY--CORPORATE NAME | |
| Corporate name or jurisdiction name as entry element | American Society of Civil Engineers. |
| 9 (RLIN) | 702 |
| 710 2# - ADDED ENTRY--CORPORATE NAME | |
| Corporate name or jurisdiction name as entry element | American Society of Civil Engineers. |
| 9 (RLIN) | 702 |
| 942 ## - ADDED ENTRY ELEMENTS (KOHA) | |
| Source of classification or shelving scheme | |
| Koha item type | Book |
| Withdrawn status | Lost status | Source of classification or shelving scheme | Damaged status | Not for loan | Permanent Location | Current Location | Date acquired | Total Checkouts | Full call number | Barcode | Date last seen | Price effective from | Koha item type |
|---|---|---|---|---|---|---|---|---|---|---|---|---|---|
| Military College of Engineering (MCE) | Military College of Engineering (MCE) | 06/12/2014 | 624.164 LAM | MCE-44258 | 06/12/2014 | 06/12/2014 | Book |
